|
|
|
|
| LEADER |
00710nab a2200181 i 4500 |
| 001 |
acta13293 |
| 005 |
20210531155918.0 |
| 008 |
161015s1923 hu o 0|| ger d |
| 022 |
|
|
|a 0324-5462
|
| 040 |
|
|
|a SZTE Egyetemi Kiadványok Repozitórium
|b hun
|
| 041 |
|
|
|a ger
|
| 100 |
1 |
|
|a Bauer Mihály
|
| 245 |
1 |
0 |
|a Bemerkungen zur Theorie der Différente
|h [elektronikus dokumentum] /
|c Bauer Mihály
|
| 260 |
|
|
|c 1923
|
| 300 |
|
|
|a 195-198
|
| 490 |
0 |
|
|a Acta litterarum ac scientiarum Regiae Universitatis Hungaricae Francisco-Josephinae : Sectio scientiarum mathematicarum
|v 1
|
| 695 |
|
|
|a Természettudomány, Matematika, Művelődés
|
| 856 |
4 |
0 |
|u http://acta.bibl.u-szeged.hu/13293/1/math_001_195-198.pdf
|z Dokumentum-elérés
|